Sports Quiz

Random Sports or NFL Quiz

2012 NFL Draft Megaquiz Stats

 Plays Quiz not verified by Sporcle

Challenge
Share
Tweet
Embed
Score 0/253 Timer 20:00
0 Plays Today
Team Player % Correct
1-IndianapolisAndrew Luck
99.5%
2-WashingtonRobert Griffin III
97.7%
203-New York JetsRobert Griffin
97.7%
3-ClevelandTrent Richardson
96.3%
252-St. LouisDaryl Richardson
95.9%
5-JacksonvilleJustin Blackmon
95.4%
4-MinnesotaMatt Kalil
93.5%
8-MiamiRyan Tannehill
89.4%
6-DallasMorris Claiborne
87.6%
21-New EnglandChandler Jones
87.6%
99-HoustonBen Jones
86.6%
166-CincinnatiMarvin Jones
86.6%
234-New OrleansMarcel Jones
86.6%
13-ArizonaMichael Floyd
85.7%
29-MinnesotaHarrison Smith
85.7%
212-Tampa BayMichael Smith
84.8%
7-Tampa BayMark Barron
83.4%
22-ClevelandBrandon Weeden
83.4%
31-Tampa BayDoug Martin
83.4%
42-MiamiJonathan Martin
83.4%
190-TennesseeMarkelle Martin
83.4%
82-TennesseeMike Martin
82.9%
121-HoustonKeshawn Martin
82.9%
9-CarolinaLuke Kuechly
82.5%
11-Kansas CityDontari Poe
82%
32-New York GiantsDavid Wilson
80.6%
48-New EnglandTavon Wilson
80.6%
75-SeattleRussell Wilson
80.2%
25-New EnglandDont'a Hightower
79.3%
12-PhiladelphiaFletcher Cox
78.3%
20-TennesseeKendall Wright
77.4%
30-San FranciscoA.J. Jenkins
77%
39-St. LouisJanoris Jenkins
77%
15-SeattleBruce Irvin
76.5%
17-CincinnatiDre Kirkpatrick
76.5%
118-MinnesotaJarius Wright
76.5%
65-St. LouisTrumaine Johnson
75.6%
120-ClevelandJames-Michael Johnson
75.1%
135-DallasMatt Johnson
75.1%
237-San FranciscoCam Johnson
75.1%
14-St. LouisMichael Brockers
74.7%
24-PittsburghDavid DeCastro
74.7%
16-New York JetsQuinton Coples
73.3%
10-BuffaloStephon Gilmore
72.8%
34-IndianapolisCoby Fleener
72.4%
23-DetroitRiley Reiff
71%
18-San DiegoMelvin Ingram
70.5%
26-HoustonWhitney Mercilus
67.3%
28-Green BayNick Perry
67.3%
43-New York JetsStephen Hill
66.4%
35-BaltimoreCourtney Upshaw
65.9%
33-St. LouisBrian Quick
63.6%
44-Kansas CityJeff Allen
61.8%
64-IndianapolisDwayne Allen
61.8%
242-New York JetsAntonio Allen
61.3%
52-TennesseeZach Brown
59%
61-San FranciscoLaMichael James
58.5%
209-St. LouisAaron Brown
58.5%
229-PhiladelphiaBryce Brown
58.5%
19-ChicagoShea McClellin
57.6%
27-CincinnatiKevin Zeitler
57.6%
97-MiamiLamar Miller
57.6%
57-DenverBrock Osweiler
57.1%
160-ClevelandRyan Miller
57.1%
56-PittsburghMike Adams
54.4%
104-CarolinaJoe Adams
53.9%
169-BaltimoreAsa Jackson
52.5%
137-DenverMalik Jackson
52.1%
102-WashingtonKirk Cousins
48.8%
54-DetroitRyan Broyles
48.4%
88-PhiladelphiaNick Foles
47%
45-ChicagoAlshon Jeffery
45.6%
51-Green BayJerel Worthy
45.2%
41-BuffaloCordy Glenn
44.7%
63-New York GiantsRueben Randle
44.7%
66-MinnesotaJosh Robinson
44.7%
119-WashingtonKeenan Robinson
44.2%
127-New York GiantsAdrien Robinson
44.2%
180-San FranciscoTrent Robinson
44.2%
36-DenverDerek Wolfe
42.9%
253-IndianapolisChandler Harnish
42.9%
77-New York JetsDemario Davis
41.9%
53-CincinnatiDevon Still
41.5%
110-San DiegoLadarius Green
41.5%
162-New OrleansCorey White
41.5%
Team Player % Correct
244-New York JetsJordan White
41.5%
55-AtlantaPeter Konz
41%
196-DetroitJonte Green
41%
47-SeattleBobby Wagner
40.1%
38-JacksonvilleAndre Branch
39.6%
93-CincinnatiBrandon Thompson
39.2%
130-BaltimoreChristian Thompson
39.2%
145-TennesseeTaylor Thompson
39.2%
62-Green BayCasey Hayward
38.2%
92-IndianapolisT.Y. Hilton
38.2%
58-Tampa BayLavonte David
36.9%
46-PhiladelphiaMychal Kendricks
35.9%
83-CincinnatiMohamed Sanu
35.9%
50-St. LouisIsaiah Pead
35%
59-PhiladelphiaVinny Curry
35%
96-St. LouisChris Givens
34.1%
84-BaltimoreBernard Pierce
33.2%
125-DetroitRonnell Lewis
32.3%
176-JacksonvilleMike Harris
32.3%
223-DetroitTravis Lewis
32.3%
89-New OrleansAkiem Hicks
31.8%
37-ClevelandMitchell Schwartz
31.3%
67-DenverRonnie Hillman
30%
49-San DiegoKendall Reyes
29%
73-San DiegoBrandon Taylor
29%
60-BaltimoreKelechi Osemele
28.6%
70-JacksonvilleBryan Anger
28.6%
68-HoustonDeVier Posey
27.6%
86-PittsburghSean Spence
27.6%
173-WashingtonAlfred Morris
27.6%
134-MinnesotaGreg Childs
27.2%
69-BuffaloT.J. Graham
26.3%
40-CarolinaAmini Silatolu
25.3%
210-MinnesotaAudie Cole
24.9%
208-IndianapolisJustin Anderson
24.4%
81-DallasTyrone Crawford
24%
122-New OrleansNick Toon
24%
158-OaklandJack Crawford
23.5%
213-WashingtonRichard Crawford
23.5%
144-BuffaloZebrie Sanders
22.1%
224-New EnglandAlfonzo Dennard
22.1%
112-ArizonaBobby Massie
21.7%
116-CincinnatiOrson Charles
21.7%
249-AtlantaTravian Robertson
21.7%
76-HoustonBrandon Brooks
21.2%
124-BuffaloRon Brooks
20.7%
200-PhiladelphiaBrandon Washington
20.7%
78-MiamiMichael Egnew
20.3%
90-New EnglandJake Bequette
20.3%
126-HoustonJared Crick
20.3%
241-Green BayAndrew Datko
19.8%
243-Green BayB.J. Coleman
19.8%
94-New York GiantsJayron Hosley
19.4%
123-PhiladelphiaBrandon Boykin
19.4%
106-SeattleRobert Turbin
18.9%
202-New York JetsTerrance Ganaway
18.9%
80-ArizonaJamell Fleming
18.4%
85-DetroitDwight Bentley
18.4%
159-PittsburghChris Rainey
18%
165-San FranciscoDarius Fleming
18%
72-MiamiOlivier Vernon
17.5%
109-PittsburghAlameda Ta'amu
17.1%
87-ClevelandJohn Hughes
16.6%
100-ClevelandTravis Benjamin
16.6%
168-OaklandJuran Criner
16.1%
185-ArizonaRyan Lindley
15.7%
194-PhiladelphiaMarvin McNutt
15.7%
170-IndianapolisVick Ballard
15.2%
227-MiamiRishard Matthews
15.2%
91-AtlantaLamar Holmes
14.7%
108-DenverPhilip Blake
14.7%
163-Green BayTerrell Manning
14.7%
175-MinnesotaBlair Walsh
14.7%
198-BaltimoreTommy Streeter
14.7%
101-DenverOmar Bolden
14.3%
103-CarolinaFrank Alexander
14.3%
71-WashingtonJosh LeRibeus
13.8%
133-Green BayJerron McMillian
13.8%
142-JacksonvilleBrandon Marshall
13.8%
182-Kansas CityCyrus Gray
13.8%
147-BuffaloTank Carder
13.4%
132-Green BayMike Daniels
12.9%
143-CarolinaJosh Norman
12.9%
191-CincinnatiDan Herron
12.9%
114-SeattleJaye Howard
12.4%
Team Player % Correct
131-New York GiantsBrandon Mosley
12.4%
146-Kansas CityDe'quan Menzie
12.4%
220-ChicagoGreg McCoy
12.4%
105-BuffaloNigel Bradham
12%
221-ArizonaNate Potter
12%
251-BuffaloJohn Potter
12%
74-Kansas CityDonald Stephenson
11.5%
107-Kansas CityDevon Wylie
11.5%
111-ChicagoEvan Rodriguez
11.5%
95-OaklandTony Bergstrom
11.1%
98-BaltimoreGino Gradkowski
11.1%
183-MiamiB.J. Cunningham
11.1%
205-ClevelandBilly Winn
11.1%
117-San FranciscoJoe Looney
10.6%
177-ArizonaJustin Bethel
10.6%
172-SeattleJeremy Lane
10.1%
171-St. LouisGreg Zuerlein
9.7%
250-San DiegoEdwin Baker
9.7%
128-MinnesotaRhett Ellison
9.2%
152-DallasDanny Coale
9.2%
148-DetroitChris Greenwood
8.8%
187-New York JetsJosh Bush
8.8%
192-AtlantaCharles Mitchell
8.8%
245-ClevelandTrevin Wade
8.8%
79-ChicagoBrandon Hardin
8.3%
151-ArizonaSenio Kelemete
8.3%
153-PhiladelphiaDennis Kelly
8.3%
156-CincinnatiShaun Prater
8.3%
164-AtlantaJonathan Massaquoi
8.3%
206-IndianapolisLaVon Brazill
8.3%
140-Tampa BayNajee Goode
7.8%
167-CincinnatiGeorge Iloka
7.8%
188-DenverDanny Trevathan
7.8%
204-ClevelandEmmanuel Acho
7.8%
113-DallasKyle Wilber
7.4%
115-TennesseeCoty Sensabaugh
7.4%
150-St. LouisRokevious Watkins
7.4%
181-SeattleWinston Guy
7.4%
186-DallasJames Hanna
7.4%
215-MiamiKheeston Randall
6.9%
129-OaklandMiles Burris
6.5%
174-Tampa BayKeith Tandy
6.5%
214-IndianapolisTim Fugger
6.5%
226-San DiegoDavid Molk
6.5%
238-Kansas CityJunior Hemingway
6.5%
247-ClevelandBrad Smelley
6.5%
138-DetroitTahir Whitehead
6%
139-MinnesotaRobert Blanton
6%
155-MiamiJosh Kaddu
6%
157-AtlantaBradie Ewing
6%
218-Kansas CityJerome Long
6%
161-HoustonRandy Bullock
5.5%
141-WashingtonAdam Gettis
5.1%
216-CarolinaD.J. Campbell
5.1%
193-WashingtonTom Compton
4.6%
197-New EnglandNate Ebner
4.6%
201-New York GiantsMatt McCants
4.6%
235-New EnglandJeremy ****
4.6%
149-San DiegoJohnnie Troutman
4.1%
178-BuffaloMark Asper
4.1%
211-TennesseeScott Solomon
4.1%
236-BaltimoreDeAngelo Tyson
4.1%
239-New York GiantsMarkus Kuhn
4.1%
240-PittsburghDavid Paulson
3.7%
246-PittsburghTerrence Frederick
3.7%
179-New OrleansAndrew Tiller
3.2%
207-CarolinaBrad Nortman
3.2%
219-MinnesotaTrevor Guyton
3.2%
248-PittsburghKelvin Beachum
3.2%
136-IndianapolisJosh Chaplan
2.8%
184-ChicagoIsaiah Frey
2.8%
222-DallasCaleb McSurdy
2.8%
228-JacksonvilleJeris Pendleton
2.8%
230-OaklandNathan Stupar
2.8%
231-PittsburghToney Clemons
2.8%
189-OaklandChris Bilukidi
2.3%
225-SeattleJ.R. Sweezy
2.3%
233-Tampa BayDrake Dunsmore
1.8%
154-SeattleKorey Toomer
1.4%
199-San FranciscoJason Slowey
1.4%
195-HoustonNick Mondek
0.9%
217-WashingtonJordan Bernstine
0.9%
232-SeattleGreg Scruggs
0.9%

You're not logged in!

Compare scores with friends on all Sporcle quizzes.
Join for Free
OR
Log In

You Might Also Like...

Show Comments

Extras

Top Quizzes Today


Score Distribution

Your Account Isn't Verified!

In order to create a playlist on Sporcle, you need to verify the email address you used during registration. Go to your Sporcle Settings to finish the process.

Report this User

Report this user for behavior that violates our Community Guidelines.

Details: